Administración financiera

Bibliographic Details
Main Author: Moreno Carrillo, Quintina Alberto
Format: Section = Libro
Language:Undetermined
Spanish
Published: Madrid McGraw-Hill 2007
Subjects:
LEADER 00513nam a2200193Ia 4500
008 240830s9999 xx 000 0 und d
020 |a 978-84-481-5667-1 
040 |a B-ESTELÍ- RUACS / 658.15 B651 
041 |a spa 
082 |a 658.15 B651 
100 1 |a Moreno Carrillo, Quintina Alberto 
245 1 0 |a Administración financiera 
260 |a Madrid  |b McGraw-Hill  |c 2007 
300 |a 465 p. :il. 
650 7 |a EDUCACION 
650 7 |b  CENTROS EDUCATIVOS - ENTORNO 
942 |c BK  |2 ddc 
991 |a TEXTO 
999 |c 11444